00584nam a22001817a 450000500170000001000150001702000240003202000270005603500140008303700130009724500860011026000420019627000540023830000260029250000500031870000160036870000180038420150813122956.0 aENG-113526 c1200.00a8172113536 c1200.00a9788172113537 aEN- 97058 bDBAD/PUB aPublic health and development in India /cedited by S.B. Nimse [and] M.K. Agarwal aNew DelhibNorthern Book Centrec2015 a4221/1, Ansari Road, DaryaganjbNew Delhie110002 axxxii,335p.c22cm(Hb) aIncludes bibliographical references and index aNimse, S.B. aAgarwal, M.K.